Statistics for Biggest Cities in Kazakhstan

Click here to take the quiz!

General Stats

  • This quiz has been taken 23 times
  • The average score is 9 of 18

Answer Stats

HintAnswer% Correct
2,161,797Almaty
100%
1,354,507Astana
100%
515,632Karaganda
73%
316,468Atyrau
60%
334,096Pavlodar
53%
1,192,120Shymkent
53%
559,911Aktobe
47%
352,894Oskemen
47%
427,356Taraz
47%
263,893Aktau
40%
222,076Petropavl
40%
278,638Kyzylorda
33%
253,773Oral
33%
308,143Semey
33%
220,159Turkistan
33%
174,614Kokshetau
27%
264,466Kostanay
27%
171,893Temirtau
20%

Score Distribution

Percentile by Number Answered

Percent of People with Each Score

Your Score History

You have not taken this quiz